Anatomy of the floral nectaries of selected species of Gardenieae (Rubiaceae) (Registro n. 338446)
[ somente texto ]
| 000 -LÍDER | |
|---|---|
| fixed length control field | 03530nab a2200265 i 4500 |
| 003 - CÓDIGO MARC DA AGÊNCIA CATALOGADORA | |
| Campo de controle | BR-BrBNA |
| 005 - DATA E HORA DA ÚLTIMA ATUALIZAÇÃO | |
| Campo de controle | 20250929131408.0 |
| 008 - CAMPO DE TAMANHO FIXO | |
| fixed length control field | 250929b2022 bl.ar|pooa||| 00| 0 eng | |
| 040 ## - FONTE DA CATALOGAÇÃO | |
| Agência catalogadora | BR-BrBNA |
| Idioma da catalogação | eng |
| 072 ## - CATEGORIA AGRIS | |
| Código AGRIS | F50 |
| 100 ## - ENTRADA PRINCIPAL - NOME PESSOAL | |
| Nome pessoal | Judkevich, Marina Daniela |
| 100 ## - ENTRADA PRINCIPAL - NOME PESSOAL | |
| Nome pessoal | Salas, Roberto Manuel |
| 100 ## - ENTRADA PRINCIPAL - NOME PESSOAL | |
| Nome pessoal | Gonzalez, Ana María |
| 245 ## - TÍTULO PRINCIPAL | |
| Título principal | Anatomy of the floral nectaries of selected species of Gardenieae (Rubiaceae) |
| 500 ## - NOTA GERAL | |
| Nota geral | Publicação on-line; Bibliography p. 13-15 (54 ref.); 2 tables; 7 illus.; Summaries (En, Pt) |
| 942 ## - ADDED ENTRY ELEMENTS (KOHA) | |
| Koha item type | Analítica |
| 520 ## - NOTA DE RESUMO | |
| Nota de conteúdo | <br/><br/>Abstract<br/><br/>Rubiaceae is one of the five most species-rich families of Angiosperm, its flowers are characterized by a<br/>nectariferous disc surrounding the base of the style; however, there are almost no studies on anatomy of these<br/>structures in the family. The aim of this study was to describe for the first time the anatomy of the floral<br/>nectaries in the tribe Gardenieae (Rubiaceae). Flowers from Cordiera concolor, Genipa americana, Randia<br/>calycina, Randia ferox, Randia heteromera, Randia micracantha, and Tocoyena formosa were collected,<br/>photographed, and processed using conventional techniques for observation with optical and scanning electron<br/>microscopies. In all species the nectary is differentiated histologically into epidermis, nectary and sub-nectary<br/>parenchyma, and vascular bundles. Nectar is exuded via nectarostomata. The nectaries have reproductive<br/>function, and are structural and mesenchymal during the floral stage. Whereas after corolla has fallen they<br/>are persistent nectaries, with post-floral secretion and extranuptial function. In addition, floral visitors that<br/>appeared on open flowers and after corolla fall were recorded.<br/><br/>Key words: floral structure, nectaries, post-floral secretion, Rubiaceae.<br/><br/><br/><br/><br/><br/>Resumo<br/><br/>Rubiaceae é uma das cinco famílias mais ricas em espécies de Angiospermas, suas flores são caracterizadas<br/>por um disco nectarífero ao redor do estilete. No entanto, quase não há estudos sobre a anatomia destas<br/>estruturas na família. O objetivo deste trabalho foi descrever pela primeira vez a anatomia dos nectários na<br/>tribo Gardenieae (Rubiaceae). Flores de Cordiera concolor, Genipa americana, Randia calycina, Randia<br/>ferox, Randia heteromera, Randia micracantha e Tocoyena formosa foram coletadas, fotografadas e fixadas.<br/>Os nectários foram processados utilizando técnicas convencionais de observação em microscopia óptica<br/>e microscopia eletrônica de varredura. Em todas as flores o nectário é histologicamente diferenciado em<br/>epiderme, parênquima nectarífero, parênquima subnectarífero e traços vasculares. O néctar é exsudado através<br/>de estômatos. Os nectários tem função reprodutiva e são estruturados e mesenquimais na fase floral. Após<br/>a queda da corola são nectários persistentes com secreção pós-floral e função extranupcial. Também foram<br/>registados os visitantes florais que apareceram em flores abertas e após a queda da corola.<br/><br/>Palavras-chave: estrutura floral, nectarios, secreção pós-floral, Rubiaceae. |
| 650 ## - ASSUNTO - THESAGRO | |
| Cabeçalho tópico ou nome geográfico | ESTRUTURA VEGETAL |
| 650 ## - ASSUNTO - THESAGRO | |
| Cabeçalho tópico ou nome geográfico | SECREÇÃO |
| 650 ## - ASSUNTO - THESAGRO | |
| Cabeçalho tópico ou nome geográfico | FLOR |
| 650 ## - ASSUNTO - THESAGRO | |
| Cabeçalho tópico ou nome geográfico | RUBIACEAE |
| 773 0# - ENTRADA ANALÍTICA | |
| Host Biblionumber | 709 |
| Registro do item | 357916 |
| Imprenta | Rio de Janeiro-RJ Jardim Botanico do Rio de Janeiro 1935 |
| Outro identificador | 2025-5881 |
| Título | Rodriguésia (Brazil) |
| ISSN | 0370-6583; 2175-7860 on-line |
| Colação | v. 73 p. 1-15; (2022) |
| Número de controle de registro | BR2025002606 |
| 856 ## - ACESSO E ENDEREÇO ELETRÔNICO | |
| Identificador uniforme de recurso - URI | https://www.scielo.br/j/rod/a/jRkFfsdK4wmcfwPmDyQBwtb/?format=pdf&lang=en |
Nenhum exemplar disponível.

BINAGRI